00285nam a2200097Ia 4500008004100000100002500041245005300066260004200119260000900161999001700170170620s9999 xx 000 0 und d aMallick- Mihir Kumar 0aTalented Children- Identification and education bNew Delhi- Discovery Publishing House c2001 c24545d24545